| 000 | 00926nac a22002291u 4500 | ||
|---|---|---|---|
| 010 | _a 72197810 | ||
| 082 | 0 | 0 |
_a669 _bV882 |
| 090 |
_c3424 _d3424 |
||
| 100 | _aVolsky, A. N. | ||
| 245 | 1 | 0 |
_aTheory of metallurgical processes, pyrometallurgical processes _c[by] A. Volsky [and] E. Sergievskaya. Translated from the Russian by Ivan Savin. |
| 260 |
_aMoscow, _bMir Publishers _c[1971] |
||
| 300 |
_a360 p. _c23 cm. |
||
| 500 | _aTranslation of Teoriiï¸ a︡ metallurgicheskikh protï¸ s︡essov. | ||
| 500 | _aDonations. | ||
| 500 | _aDonations - Bibliotheca Alexandrina. | ||
| 650 | 0 |
_aNonferrous metals _xMetallurgy. |
|
| 650 | 0 | _aChemistry, Metallurgic. | |
| 650 | 0 | _aPhysical metallurgy. | |
| 700 | 1 | _aSergievskaiï¸ a︡, Elizaveta Maksimovna. | |
| 942 |
_cBB _k669V882 |
||
| 999 |
_c3424 _d3424 |
||